书目信息 |
| 题名: |
干部人事档案工作理论与实践问题研究
|
|
| 作者: | 方德生 著 | |
| 分册: | ||
| 出版信息: | 北京 光明日报出版社 2016 |
|
| 页数: | 202页 | |
| 开本: | 24cm | |
| 丛书名: | ||
| 单 册: | ||
| 中图分类: | G275.9 | |
| 科图分类: | ||
| 主题词: | 干部--Gan Bu--人事档案--档案工作--研究--中国 | |
| 电子资源: | ||
| ISBN: | 978-7-5194-0887-9 | |
| 000 | 00674nam0 22002171 450 | |
| 001 | 351112 | |
| 005 | 20161012081633.79 | |
| 010 | @a978-7-5194-0887-9@dCNY39.00 | |
| 100 | @a20160321d2016 ekmy0chiy50 ea | |
| 101 | 0 | @achi |
| 102 | @aCN@b110000 | |
| 105 | @ay z 000yy | |
| 106 | @ar | |
| 200 | 1 | @a干部人事档案工作理论与实践问题研究@AGan Bu Ren Shi Dang An Gong Zuo Li Lun Yu Shi Jian Wen Ti Yan Jiu@f方德生著 |
| 210 | @a北京@c光明日报出版社@d2016 | |
| 215 | @a202页@d24cm | |
| 606 | 0 | @a干部@AGan Bu@x人事档案@x档案工作@x研究@y中国 |
| 690 | @aG275.9@v5 | |
| 701 | 0 | @a方德生@AFang De Sheng@4著 |
| 801 | 0 | @aCN@bTANGWEI@c20160812 |
| 905 | @b0893181-5@dG275.9@e75@f5 | |
| 干部人事档案工作理论与实践问题研究/方德生著.-北京:光明日报出版社,2016 |
| 202页;24cm |
| ISBN 978-7-5194-0887-9:CNY39.00 |
| ● |
| 相关链接 |
|
|
|
|
正题名:干部人事档案工作理论与实践问题研究
索取号:G275.9/75
 
预约/预借
| 序号 | 登录号 | 条形码 | 馆藏地/架位号 | 状态 | 备注 |
| 1 | 0893181 | 208931815 | 第一样本阅览室/ [索取号:G275.9/75] | 在馆 | |
| 2 | 0893182 | 208931824 | 第四借阅区/ [索取号:G275.9/75] | 在馆 | |
| 3 | 0893183 | 208931833 | 第四借阅区/ [索取号:G275.9/75] | 在馆 | |
| 4 | 0893184 | 208931842 | 第四借阅区/ [索取号:G275.9/75] | 在馆 | |
| 5 | 0893185 | 208931851 | 第四借阅区/ [索取号:G275.9/75] | 在馆 |